| 000 | 01535nam a2200241Ia 4500 | ||
|---|---|---|---|
| 003 | Ost | ||
| 005 | 20260507075355.0 | ||
| 008 | 260507s9999||||xx |||||||||||||| ||und|| | ||
| 020 | _a66243289779 | ||
| 040 | _cfsecg | ||
| 041 | _aara | ||
| 082 | _a330 | ||
| 100 |
_aجامع، محمد نبيل _eمؤلف |
||
| 245 | 0 |
_aعلم الإجتماع الإقتصادي : _bالأصول الإجتماعية للتنمية الإقتصادية / _c محمد نبيل جامع |
|
| 260 |
_aالإسكندرية: _bدار الجامعة الجديدة للنشر, _c[دون تاريخ] |
||
| 300 |
_a529 صفحة؛ _bغلاف ملون ومصور، جداول، أشكال _c25 سم |
||
| 504 | _aالمراجع ص509 | ||
| 520 | _aالعولمة وعلم الإجتماع الإقتصادي- مفهوم ونشأة ورواد علم الإجتماع الإقتصادي- الطبيعة الإجتماعية للنظم والوحدات الإقتصادية- احياء الهوية الإجتماعية لعلم الإقتصاد المعاصر- مفهوم وقياس الاوضاع المؤسسية في مصر وبعض الدول العالم- إدارة الحكومة والامن القومي- اجتماعيات المشروعات الصغيرة ودعمها الإقتصادي- اجتماعيات الحيازة المزرعية بالآراضي الجديدة | ||
| 653 | _aالإجتماع، علم | ||
| 653 | _aالتنمية الإقتصادية | ||
| 653 | _aعلم الإجتماع الإقتصادي | ||
| 942 | _cكتاب | ||
| 999 |
_c44210 _d44210 |
||